000 00440nam a22001337a 4500
999 _c6155
_d6155
008 180430b xxu||||| |||| 00| 0 eng d
082 _a200 FER
100 _aFERCH, Arthur J
245 _aMianzo na Umilikiwaji
_bMwongozo wa Kujifunza Biblia kwa watu wazima
_cArthur J. Ferch
_hSwahili
260 _aTanzania
_bPacific Press
_c2006
300 _a160p
_c21cm
650 _2Muongozo wa Kujifunza Biblia kwa watu wazima
942 _2ddc
_cBOOKS